000 01000cam a2200265 a 4500
005 20230613111106.0
008 120228s2010 ii a b 001 0 eng
010 _a 2011410696
020 _a0198062230
040 _aDLC
_cDLC
_dDLC
042 _apcc
082 0 0 _a658.42
_223
_bSAT-C
100 1 _aSatheesh Kumar, T. N.
245 1 0 _aCorporate governance /
_cT.N. Satheesh Kumar.
260 _aOxford ;
_aNew York :
_bOxford University Press,
_c2010.
300 _axiv, 569 p. :
_bill. ;
_c25 cm.
504 _aIncludes bibliographical references and index.
650 0 _aCorporate governance.
650 0 _aCorporate governance
_vCase studies.
856 4 2 _3Publisher description
_uhttp://www.loc.gov/catdir/enhancements/fy1409/2011410696-d.html
856 4 1 _3Table of contents only
_uhttp://www.loc.gov/catdir/enhancements/fy1409/2011410696-t.html
906 _a7
_bcbc
_corigres
_d2
_encip
_f20
_gy-gencatlg
999 _c18732
_d18732